000 00531nam a2200193Ia 4500
005 20250508152822.0
008 008 250505s9999 xx 000 0 eng d
020 _a0-333-21297-2
037 _aBooks to be hide in OPAC
040 _aFEDL
_beng
_cFEDL
041 _aeng
_2eng
084 _a954, IND/O
_qFEDL
245 0 _aIndia has a plan
245 0 _cMinistry of Information and Broadcasting. Government of India
260 _c1957
300 _a69p.
942 _cHB
_h954, IND/O
999 _c1338955
_d1338955